Bonne Définition ! (2) - Statistiques

Statistiques générales
  • Ce quiz a été pris 41 fois
  • Le résultat moyen est 7 sur 12
Statistiques - réponses
Question Réponse % Correct
Taxidermiste (Synonymes) Empailleur
93%
Surin (Synonymes) Couteau
90%
Toiser (Synonymes) Dévisager
90%
Asthénie (Synonymes) Affaiblissement
80%
Bismuth (Définitions) Métal et élément chimique
68%
Rhomboïde (Définitions) Muscle situé en haut du dos
68%
Proroger (Définitions) Renvoyer à une date ultérieure
58%
Amblyopie (Définitions) Acuité visuelle basse
53%
Laconique (Synonymes) Concis
50%
Méandre (Synonymes) Ondulation
48%
Organologie (Définitions) Étude des instruments de musique et leur histoire
28%
Chalemie (Définitions) Instrument de musique de la famille des hautbois
13%
Aucun quiz correspondant
Distribution des résultats
% des personnes avec chaque résultat
Percentile par nombre de réponses
Votre historique - résultats
Vous n’avez pas pris ce quiz